Numerical methods with computer progarmes in c++ / (Record no. 122837)

MARC details
000 -LEADER
fixed length control field 00753nam a22002417a 4500
005 - DATE AND TIME OF LATEST TRANSACTION
control field 20170124105916.0
010 ## - LIBRARY OF CONGRESS CONTROL NUMBER
LC control number B-227699
020 ## - INTERNATIONAL STANDARD BOOK NUMBER
Terms of availability 395.00
International Standard Book Number 9788120329874
035 ## - SYSTEM CONTROL NUMBER
System control number B-227699
037 ## - SOURCE OF ACQUISITION
Source of stock number/acquisition Cen Lib/Ret
040 ## - CATALOGING SOURCE
Original cataloging agency DPL
Language of cataloging EN
082 ## - DEWEY DECIMAL CLASSIFICATION NUMBER
Classification number 512
Item number GHO
100 ## - MAIN ENTRY--PERSONAL NAME
Personal name Ghosh, Pallab
9 (RLIN) 2606
245 ## - TITLE STATEMENT
Title Numerical methods with computer progarmes in c++ /
Statement of responsibility, etc by Pallab Ghosh
246 ## - VARYING FORM OF TITLE
Remainder of title
260 ## - PUBLICATION, DISTRIBUTION, ETC. (IMPRINT)
Name of publisher, distributor, etc Printice Hall
Date of publication, distribution, etc 2006
Place of publication, distribution, etc New Delhi
270 ## - ADDRESS
City New Delhi
Address M-97, Connought Place
Postal code 110001
300 ## - PHYSICAL DESCRIPTION
Extent vi, 641p.:
Dimensions 23cm(pbk)
Other physical details ill.
500 ## - GENERAL NOTE
General note includes bibliographical references and index
650 ## - SUBJECT ADDED ENTRY--TOPICAL TERM
Topical term or geographic name as entry element Mathematical Foundations
9 (RLIN) 2607
650 ## - SUBJECT ADDED ENTRY--TOPICAL TERM
Topical term or geographic name as entry element Programming Languages
9 (RLIN) 1109
942 ## - ADDED ENTRY ELEMENTS (KOHA)
Source of classification or shelving scheme Dewey Decimal Classification
Koha item type English Books
Classification part 512
Call number suffix GHO
Holdings
Withdrawn status Lost status Damaged status Not for loan Collection code Home library Current library Date acquired Source of acquisition Cost, normal purchase price Total Checkouts Full call number Barcode Date last seen Copy number Cost, replacement price Price effective from Koha item type
      Not For Loan Reference Central Library Central Library 30/05/2015 Cen Lib/Ret 395.00   512 GHO B-227699 30/05/2015 1 395.00 30/05/2015 English Books

© Delhi Public Library
Hit Counter
free hit counter